header

The clone wars: Jedi adventures (Record no. 262935)

MARC details
000 -LEADER
fixed length control field 00266nam a22001097a 4500
020 ## - INTERNATIONAL STANDARD BOOK NUMBER
ISBN 978075664528
100 ## - MAIN ENTRY--AUTHOR NAME
Personal name Heather Scott
245 ## - TITLE STATEMENT
Title The clone wars: Jedi adventures
260 ## - PUBLICATION, DISTRIBUTION, ETC. (IMPRINT)
Place of publication ; New York
Name of publisher Dorling Kindersley
Year of publication 2009
490 ## - SERIES STATEMENT
Series statement Star wars
942 ## - ADDED ENTRY ELEMENTS (KOHA)
Koha item type Long Loan Books
Holdings
Withdrawn status Lost status Collection code Home library Current library Shelving location Date acquired Accession Number Koha item type
    Fiction Rongo University Library Rongo University Library Children's Area 20/02/2024 CL20222756 Long Loan Books

© 2026 Rongo University
Contact us: librarian | system librarian | Rongo university